|
|
|
|
| LEADER |
01052nam a2200265 a 4500 |
| 001 |
12684829 |
| 008 |
100923r20042003njua b 001 0 eng d |
| 010 |
|
|
|a 2002022456
|
| 020 |
|
|
|a 8120321030
|
| 020 |
|
|
|a 0130351199
|
| 040 |
|
|
|a DLC
|c DLC
|d DLC
|d DB-DhAAL
|
| 082 |
0 |
0 |
|a 004.2/2
|2 21
|
| 100 |
1 |
|
|a Stallings, William.
|
| 245 |
1 |
0 |
|a Computer organization and architecture :
|b designing for performance /
|c William Stallings.
|
| 246 |
1 |
4 |
|a Computer organization & architecture
|
| 250 |
|
|
|a 6th ed.
|
| 260 |
|
|
|a Upper Saddle River, NJ ;
|a New Delhi :
|b Prentice Hall,
|c c2003.[reprinted 2004]
|
| 300 |
|
|
|a xix, 815 p. :
|b ill. ;
|c 24 cm.
|
| 504 |
|
|
|a Includes bibliographical references (p. [757]-771) and index.
|
| 541 |
1 |
|
|e 00013112
|
| 650 |
|
0 |
|a Computer organization.
|
| 650 |
|
0 |
|a Computer architecture.
|
| 852 |
4 |
|
|a Ayesha Abed Library
|j General Shelf.
|
| 999 |
|
|
|c 9541
|d 9541
|
| 952 |
|
|
|0 0
|1 0
|2 ddc
|4 0
|6 004_220000000000000_STA
|7 0
|9 12038
|a BRACUL
|b BRACUL
|c GEN
|d 2010-09-23
|g 337.00
|l 5
|m 72
|o 004.22 STA
|p 3010013112
|r 2022-04-10
|s 2020-01-15
|t 1
|w 2010-09-23
|y BK
|